000
00225nam a2200085Ia 4500
008
120527s9999 xx 000 0 und d
100
_a
BODHOLT, Ole
245
_a
Construction and opearation of small solid wall bins
942
_c
BK
999
_c
25127
_d
25127